Svetová ekonomika na začiatku 21. storočia teórie medzinárodného obchodu

Na minha lista:
Detalhes bibliográficos
Autor principal: Rosenberg, Miloslav
Outros Autores: Filip, Jaroslav, Mečár, Miroslav
Formato: Livro
Idioma:eslovaco
Publicado em: Bratislava IRIS 2005
Assuntos:
Tags: Adicionar Tag
Sem tags, seja o primeiro a adicionar uma tag!

MARC

LEADER 00000nam$a2200000$$$4500
001 0052460
005 20240502071616.4
020 |a 80-89018-95-5 
041 0 |a slo 
044 |a SK 
245 1 0 |a Svetová ekonomika na začiatku 21. storočia  |b teórie medzinárodného obchodu  |c Miloslav Rosenberg, Jaroslav Filip, Miroslav Mečár 
264 1 |a Bratislava  |b IRIS  |c 2005 
300 |a 142 s. 
610 2 0 |a hospodárstvo svetové 
610 2 0 |a obchod medzinárodný 
610 2 0 |a teória obchodu 
100 1 |a Rosenberg, Miloslav 
700 1 |a Filip, Jaroslav 
700 1 |a Mečár, Miroslav